Mrs. Pollifax and the whirling dervish / (Record no. 944)
[ view plain ]
| 000 -LEADER | |
|---|---|
| fixed length control field | 00617cam a2200205 4500 |
| 001 - CONTROL NUMBER | |
| control field | 1310 |
| 005 - DATE AND TIME OF LATEST TRANSACTION | |
| control field | 20181127163058.0 |
| 008 - FIXED-LENGTH DATA ELEMENTS--GENERAL INFORMATION | |
| fixed length control field | 891117s1990 nyu 000 1 eng |
| 010 ## - LIBRARY OF CONGRESS CONTROL NUMBER | |
| LC control number | 89025796 |
| 020 ## - INTERNATIONAL STANDARD BOOK NUMBER | |
| International Standard Book Number | 0385414587 |
| 043 ## - GEOGRAPHIC AREA CODE | |
| Geographic area code | n-us--- |
| 100 1# - MAIN ENTRY--PERSONAL NAME | |
| Personal name | Gilman, Dorothy, |
| Dates associated with a name | 1923- |
| 245 10 - TITLE STATEMENT | |
| Title | Mrs. Pollifax and the whirling dervish / |
| Statement of responsibility, etc. | Dorothy Gilman. |
| 260 ## - PUBLICATION, DISTRIBUTION, ETC. | |
| Place of publication, distribution, etc. | New York : |
| Name of publisher, distributor, etc. | Fawcett Gold Medal, |
| Date of publication, distribution, etc. | 1991. |
| 300 ## - PHYSICAL DESCRIPTION | |
| Extent | 211 p. ; |
| Dimensions | 18 cm. |
| 650 #0 - SUBJECT ADDED ENTRY--TOPICAL TERM | |
| Topical term or geographic name entry element | Intelligence service |
| General subdivision | Fiction. |
| Topical term or geographic name entry element | Pollifax, Emily (Fictitious character) |
| General subdivision | Fiction. |
| Topical term or geographic name entry element | Women spies |
| General subdivision | Fiction. |
| 655 #7 - INDEX TERM--GENRE/FORM | |
| Genre/form data or focus term | Spy stories. |
| Source of term | gsafd |
| Withdrawn status | Lost status | Source of classification or shelving scheme | Damaged status | Not for loan | Collection code | Home library | Current library | Shelving location | Date acquired | Serial Enumeration / chronology | Inventory number | Total Checkouts | Total Renewals | Full call number | Barcode | Date last seen | Date last checked out | Price effective from | Koha item type |
|---|---|---|---|---|---|---|---|---|---|---|---|---|---|---|---|---|---|---|---|
| Dewey Decimal Classification | Fiction | RTC Library | RTC Library | Fiction | 07/04/2022 | 1433 | 1 | 1 | FIC 813.54 GIL | 30000767 | 25/09/2023 | 24/08/2023 | 27/11/2018 | Fiction |